| 000 | 00563nam a2200193Ia 4500 | ||
|---|---|---|---|
| 005 | 20250923145543.0 | ||
| 008 | 008 250917s9999 xx 000 0 eng d | ||
| 037 | _aTextual | ||
| 040 |
_aDSWL _beng _cDSWL |
||
| 041 |
_aeng _2eng |
||
| 084 |
_aL7:4:6910j.9F:31x, N78 _qDSWL |
||
| 245 | 0 |
_aMental illness in pregnancy and the puerperium _cEd. by M.Saldler |
|
| 260 |
_aLondon _bOxford _c1978 |
||
| 300 | _ax,127p. | ||
| 365 |
_aGBP _b10 |
||
| 925 | _g10 | ||
| 942 |
_cTEXL _hL7:4:6910j.9F:31x, N78 |
||
| 999 |
_c1452770 _d1452770 |
||